000 00709nam a2200241 i 4500
001 bg
100 1 _aHelbig, Gerhard
_d(1929-2008).
245 0 0 _aÜbungsgrammatik Deutsch /
_cGerhard Helbig, Joachim Buscha.
260 _aBerlin [etc.] :
_bLangenscheidt ;
_ccop. 2000
_g(2005).
300 _a379 s. :
_c22 cm.
650 9 _aJęzyk niemiecki
_xgramatyka
655 _aĆwiczenia i zadania
700 1 _aBuscha, Joachim.
020 _a3468494947
020 _a9783468494949
040 _cBPK
041 0 _ager
044 _aDEU
080 _a811.112.2'36(076)
942 _cKS
008 s pl f |000 0 pol
999 _c54365
_d54365